Relationship between compound viscocity and related modulus of ACS 1 mix (Record no. 43440)

MARC details
000 -LEADER
fixed length control field 00387nam a2200133Ia 4500
082 ## - DEWEY DECIMAL CLASSIFICATION NUMBER
Classification number NR:62TSR
Item number RRM
245 #0 - TITLE STATEMENT
Title Relationship between compound viscocity and related modulus of ACS 1 mix
260 ## - PUBLICATION, DISTRIBUTION, ETC. (IMPRINT)
Place of publication Kuala Lumpur
Name of publisher RRIM
Year of publication 1978
490 ## - SERIES STATEMENT
Series statement Technology Series Report 6
650 ## - SUBJECT ADDED ENTRY--TOPICAL TERM
Topical Term Mixing
650 ## - SUBJECT ADDED ENTRY--TOPICAL TERM
Topical Term Rubber processing
942 ## - ADDED ENTRY ELEMENTS (KOHA)
Koha item type Books
Holdings
Withdrawn status Lost status Damaged status Not for loan Home library Current library Date acquired Source of acquisition Full call number Accession Number Koha item type
        RRII Library RRII Library 16/12/2021 Gift NR:62TSR RRM G00162 Books